000 00640cam a2200229 i 4500
001 18295324
005 20180205032103.0
008 140909t20152015inua 000 0 eng
010 _a 2014950817
020 _a9780789753465 (pbk. : alk. paper)
040 _aDLC
_beng
_erda
_cDLC
_dDLC
041 _aeng
042 _apcc
080 _a004.167 gar
082 0 0 _a004.167 gar
_223
100 1 _a31
101 _ashk
245 1 0 _aMy iPad /
_cGary Rosenzweig.
906 _a7
_bcbc
_corignew
_d2
_eepcn
_f20
_gy-gencatlg
942 _2ddc
_cBK
999 _c41711
_d41711